Objective biology for medical entrance examinations / (Record no. 142346)

MARC details
000 -LEADER
fixed length control field 00675nam a22001817a 4500
005 - DATE AND TIME OF LATEST TRANSACTION
control field 20170707095321.0
020 ## - INTERNATIONAL STANDARD BOOK NUMBER
International Standard Book Number 9789332537781 (v.2)
Terms of availability 250.00
035 ## - SYSTEM CONTROL NUMBER
System control number B-668112
037 ## - SOURCE OF ACQUISITION
Source of stock number/acquisition Techniz/Ven
Stock number dpl
082 ## - DEWEY DECIMAL CLASSIFICATION NUMBER
Classification number 574
100 ## - MAIN ENTRY--PERSONAL NAME
Personal name Rajiv Vijay
245 ## - TITLE STATEMENT
Title Objective biology for medical entrance examinations /
Statement of responsibility, etc by Rajiv Vijay
260 ## - PUBLICATION, DISTRIBUTION, ETC. (IMPRINT)
Date of publication, distribution, etc 2016
Place of publication, distribution, etc New Delhi
Name of publisher, distributor, etc Pearson Education
270 ## - ADDRESS
Address 11 Community Centre,Panchsheel Park
City New Delhi
Postal code 110017
300 ## - PHYSICAL DESCRIPTION
Dimensions 24cm(pbk)
Extent V.2(320p.) :
Other physical details ill.
942 ## - ADDED ENTRY ELEMENTS (KOHA)
Item type English Books
Source of classification or shelving scheme Dewey Decimal Classification
Call number suffix RAJ
Classification part 574
Holdings
Withdrawn status Lost status Materials specified (bound volume or other part) Not for loan Collection code Home library Current library Date acquired Source of acquisition Cost, normal purchase price Full call number Barcode Copy number Cost, replacement price Koha item type
    v.2   Non-fiction Ashok Vihar Ashok Vihar 07/07/2017 BPPD/EN/2014-15/AV/16-17/434/15.2.2017/17435/24.2.2017/ 18.3.2017 250.00 574 RAJ B-668112 1 250.00 English Books

© Delhi Public Library
Hit Counter
free hit counter